|
|
|
|
| LEADER |
00000cam a2200000 7i4500 |
| 001 |
0000005148 |
| 002 |
000005559 |
| 005 |
20060123.0 |
| 020 |
|
|
|a 0723543216
|
| 090 |
0 |
0 |
|a 500
|b WOR
|
| 245 |
0 |
4 |
|a The world of nature :
|b reveals amazing facts aboutthe natural World
|
| 260 |
|
|
|a United States :
|b World International Publishing ,
|c 1991
|
| 300 |
|
|
|a 45p. ;
|c 28cm.
|
| 490 |
0 |
|
|a The world of
|
| 650 |
0 |
0 |
|a Natural history
|x Juvenile literature
|
| 999 |
|
|
|a 026945
|b BUKU
|c PINJAMAN
|e PERPUSTAKAAN KOMUNITI PETALING JAYA
|
| 999 |
|
|
|a 026946
|b BUKU
|c PINJAMAN
|e PERPUSTAKAAN KOMUNITI PETALING JAYA
|
| 999 |
|
|
|a 027535
|b BUKU
|c PINJAMAN
|e PERPUSTAKAAN KOMUNITI PETALING JAYA
|